[Event "CZE Extraliga 2019-20"]
[Site "Czech Republic"]
[Date "2019.12.01"]
[Round "4.1"]
[White "Rodshtein, Maxim"]
[Black "Stohl, Igor"]
[Result "1-0"]
[WhiteElo "2684"]
[BlackElo "2487"]
[Annotator "TA"]
[PlyCount "61"]
[EventDate "2019.09.15"]
[EventType "team-tourn"]
[EventCountry "CZE"]
[SourceTitle "playchess.com"]
[Source "ChessBase"]
[SourceQuality "1"]
[WhiteTeam "Turnov "]
[BlackTeam "Praha"]

{[%evp 9,61,2,10,0,0,0,0,0,0,-15,-18,-16,0,0,0,0,36,45,42,48,42,38,75,58,66,51,100,68,115,95,132,122,195,194,179,150,215,134,146,129,157,100,261,288,393,386,443,436,497,483,29973,29974,29990,29991]} 1. c4 c5 2. Nc3 g6 3. g3 Bg7 4. Bg2 Nc6 5. d3 b6 6. Qd2 $146 {A36: Symmetrical English vs ...g6: 4 Bg2 Bg7} ({Predecessor:} 6. e3 Bb7 7. Nge2 e6 8. d4 Nge7 9. dxc5 bxc5 10. Nb5 O-O 11. Nd6 Ba6 12. O-O Rb8 13. Rb1 Nf5 14. Nxf5 gxf5 15. Bxc6 dxc6 {1-0 (62) Rakhmanov,A (2637)-Pavlovic,M (2481) Berlin 2015}) 6... Bb7 7. b3 Nf6 8. Bb2 {The position is equal.} O-O 9. h4 e6 10. Ne4 Nxe4 11. dxe4 Bxb2 12. Qxb2 b5 13. cxb5 Qa5+ 14. Kf1 Nd4 15. h5 Nxb5 16. Rc1 (16. e5 {seems wilder.} Qc7 17. Rc1 Nd4 18. e3 Nf5 19. Nf3) 16... Nd4 17. Nf3 Qb6 18. Ne5 Qd6 19. Nc4 Qe7 20. e5 Bxg2+ (20... Bd5 $16) 21. Kxg2 $18 g5 22. e3 $36 {[%mdl 2048] White has strong initiative.} d5 (22... Nc6 $16) 23. exd4 dxc4 24. Rxc4 Qb7+ 25. f3 ({Better is} 25. Kg1) 25... g4 $2 {[#]} (25... cxd4 $16 26. Rxd4 (26. Qxd4 Rfd8 $16) 26... h6) 26. Rf1 $1 ({Not} 26. Rxc5 Qxf3+ 27. Kh2 Rad8 $16) 26... cxd4 27. Qxd4 gxf3+ 28. Rxf3 Rfd8 29. Qg4+ Kf8 (29... Kh8 $18 30. Qf4 Qe7 31. Qxf7 Rd7) 30. h6 Ke7 31. Qg5+ {Accuracy: White = 67%, Black = 33%.} 1-0

[Event "CZE Extraliga 2019-20"]
[Site "Czech Republic"]
[Date "2019.12.01"]
[Round "4.1"]
[White "Movsesian, Sergei"]
[Black "Michalik, Peter"]
[Result "1/2-1/2"]
[WhiteElo "2654"]
[BlackElo "2575"]
[Annotator "ChessBase"]
[PlyCount "75"]
[EventDate "2019.09.15"]
[EventType "team-tourn"]
[EventCountry "CZE"]
[SourceTitle "playchess.com"]
[Source "ChessBase"]
[SourceQuality "1"]
[WhiteTeam "Pardubice  "]
[BlackTeam "Siesta Solution Unichess"]
[TimeControl "40/5400+30:1800+30"]

1. e4 {[%emt 0:00:00]} e5 {[%emt 0:00:00]} 2. Nf3 {[%emt 0:00:00]} Nc6 {[%emt 0:00:00]} 3. Bc4 {[%emt 0:00:14]} Nf6 {[%emt 0:00:03]} 4. d3 {[%emt 0:00:17]} Bc5 {[%emt 0:00:07]} 5. O-O {[%emt 0:00:27]} d6 {[%emt 0:00:09]} 6. a4 {[%emt 0:02:22]} a5 7. Be3 {[%emt 0:00:30]} Bxe3 {[%emt 0:02:55]} 8. fxe3 {[%emt 0:00:07]} O-O {[%emt 0:01:05]} 9. Nbd2 {[%emt 0:02:29]} Be6 {[%emt 0:01:46]} 10. Bxe6 {[%emt 0:05:11]} fxe6 {[%emt 0:00:06]} 11. d4 {[%emt 0:00:37]} Qe8 {[%emt 0:10:24]} 12. c3 {[%emt 0:04:00]} Qg6 {[%emt 0:04:33]} 13. Qb3 {[%emt 0:07:49]} Nxe4 {[%emt 0:00:16]} 14. Nxe4 {[%emt 0:05:27]} Qxe4 {[%emt 0:00:06]} 15. Qxe6+ {[%emt 0:00:09]} Kh8 {[%emt 0:00:06]} 16. Rae1 {[%emt 0:01:01]} Rf6 {[%emt 0:09:53]} 17. Qd7 {[%emt 0:06:49]} Raf8 {[%emt 0:00:05]} 18. Qxc7 {[%emt 0:02:34]} g5 {[%emt 0:01:13]} 19. h3 {[%emt 0:02:49]} h5 {[%emt 0:17:36]} 20. Rf2 {[%emt 0:19:13]} g4 {[%emt 0:20:53]} 21. Ng5 {[%emt 0:07:08]} Qg6 {[%emt 0:00:07]} 22. Rxf6 {[%emt 0:00:05]} Rxf6 {[%emt 0:00:03]} 23. Qc8+ {[%emt 0:01:05]} Kg7 {[%emt 0:00:10]} 24. Qxb7+ {[%emt 0:01:34]} Kh6 25. Qxc6 {[%emt 0:03:43]} Kxg5 {[%emt 0:01:15]} 26. Qd7 {[%emt 0:14:05]} Kh4 {[%emt 0:05:30]} 27. dxe5 {[%emt 0:02:08]} dxe5 {[%emt 0:10:13]} 28. e4 {[%emt 0:00:06]} g3 {[%emt 0:12:15]} 29. Qd3 {[%emt 0:04:35]} Rd6 {[%emt 0:01:25]} 30. Qe3 {[%emt 0:00:42]} Qf6 {[%emt 0:01:52]} 31. Rf1 {[%emt 0:05:33]} Rd1 {[%emt 0:00:21]} 32. Qe2 {[%emt 0:00:43]} Qb6+ {[%emt 0:00:17]} 33. Kh1 {[%emt 0:00:04]} Rxf1+ {[%emt 0:01:09]} 34. Qxf1 {[%emt 0:00:04]} Qf2 {[%emt 0:00:04]} 35. Qb1 {[%emt 0:00:41]} Qd2 {[%emt 0:00:10]} 36. Qf1 {[%emt 0:02:55]} Qf2 {[%emt 0:00:03]} 37. Qc1 {[%emt 0:00:34]} Qxg2+ {[%emt 0:00:12]} 38. Kxg2 {[%emt 0:00:05]} 1/2-1/2

[Event "CZE Extraliga 2019-20"]
[Site "Czech Republic"]
[Date "2019.12.02"]
[Round "4.1"]
[White "Saric, Ivan"]
[Black "Navara, David"]
[Result "1/2-1/2"]
[WhiteElo "2650"]
[BlackElo "2703"]
[Annotator "TA"]
[PlyCount "79"]
[EventDate "2019.09.15"]
[EventType "team-tourn"]
[EventCountry "CZE"]
[SourceTitle "playchess.com"]
[Source "ChessBase"]
[SourceQuality "1"]
[WhiteTeam "Brno"]
[BlackTeam "Novoborsky"]
[WhiteTeamCountry "CRO"]
[BlackTeamCountry "CZE"]

{[%evp 18,79,35,0,32,6,10,0,24,-15,0,0,0,0,0,0,0,-6,0,0,0,0,0,0,0,0,0,0,0,0,0,0,0,0,0,0,0,0,0,0,0,0,0,0,18,18,18,18,18,18,18,18,18,18,18,18,18,18,18,18,18,18,18,0]} 1. e4 e5 2. Nf3 Nc6 3. Bb5 Nf6 4. O-O Nxe4 5. d4 Nd6 6. Bxc6 dxc6 7. dxe5 Nf5 8. Qxd8+ Kxd8 9. Nc3 Ke8 10. h3 h5 {C67: Ruy Lopez: Berlin Defence: 4 0-0 Nxe4} 11. Ne2 b6 12. Rd1 Be7 13. a4 {[#]} c5 $146 {The position is equal.} ({Predecessor:} 13... a5 14. Bf4 c5 15. e6 Bxe6 16. Bxc7 Bd8 17. Bxd8 Rxd8 {1-0 (32) Adams,M (2738)-Batchuluun,T (2555) Tbilisi 2017}) 14. Nc3 Bb7 15. Nd5 Bxd5 16. Rxd5 Rd8 17. c4 c6 18. Rxd8+ Kxd8 19. Bf4 Kc8 20. Rd1 Rd8 21. Rxd8+ Kxd8 $11 {[%mdl 4096] Endgame KBN-KBN} 22. Kf1 Nd4 23. Nxd4 cxd4 {KB-KB} 24. Ke2 Kd7 25. Kd3 Ke6 26. Ke4 Bb4 27. f3 c5 28. g4 hxg4 29. hxg4 Be1 30. Bg5 g6 31. f4 Kd7 32. f5 gxf5+ 33. gxf5 Ke8 34. Bf4 Kd7 35. Kd3 Ke7 36. Ke2 Ba5 37. Bg3 Kd7 38. Kd3 Bb4 39. Bh4 Ba5 40. Bg3 {Accuracy: White = 73%, Black = 76%.} 1/2-1/2

[Event "CZE Extraliga 2019-20"]
[Site "Czech Republic"]
[Date "2019.12.01"]
[Round "4.1"]
[White "Kempinski, Robert"]
[Black "Korobov, Anton"]
[Result "1/2-1/2"]
[WhiteElo "2579"]
[BlackElo "2679"]
[Annotator "ChessBase"]
[PlyCount "68"]
[EventDate "2019.09.15"]
[EventType "team-tourn"]
[EventCountry "CZE"]
[SourceTitle "playchess.com"]
[Source "ChessBase"]
[SourceQuality "1"]
[WhiteTeam "Poruba "]
[BlackTeam "Frydek-Mistek"]
[TimeControl "40/5400+30:1800+30"]

1. d4 {[%emt 0:00:00]} d5 {[%emt 0:00:00]} 2. c4 {[%emt 0:00:00]} e6 {[%emt 0:00:00]} 3. Nf3 {[%emt 0:00:51]} Nf6 {[%emt 0:00:00]} 4. e3 {[%emt 0:00:29]} a6 {[%emt 0:00:09]} 5. a3 {[%emt 0:03:01]} b6 {[%emt 0:02:56]} 6. b3 {[%emt 0:03:07]} Bb7 {[%emt 0:00:38]} 7. Bb2 {[%emt 0:00:08]} Nbd7 {[%emt 0:00:23]} 8. Nbd2 {[%emt 0:00:11]} Bd6 {[%emt 0:01:55]} 9. Be2 {[%emt 0:01:43]} O-O {[%emt 0:04:45]} 10. O-O {[%emt 0:00:25]} c5 {[%emt 0:04:30]} 11. dxc5 {[%emt 0:04:29]} bxc5 {[%emt 0:00:22]} 12. Qc2 {[%emt 0:00:19]} a5 {[%emt 0:03:04]} 13. Rfd1 {[%emt 0:02:10]} Qb6 {[%emt 0:08:06]} 14. Rab1 {[%emt 0:11:39]} h6 {[%emt 0:04:18]} 15. h3 {[%emt 0:00:26]} Rfe8 {[%emt 0:04:04]} 16. Bc3 {[%emt 0:04:00]} Rab8 {[%emt 0:01:23]} 17. Qb2 {[%emt 0:01:52]} Ba8 {[%emt 0:03:39]} 18. Qa1 {[%emt 0:00:25]} Qc7 {[%emt 0:03:35]} 19. Rbc1 {[%emt 0:02:06]} Qa7 {[%emt 0:05:58]} 20. Rb1 {[%emt 0:02:40]} Rbd8 {[%emt 0:04:40]} 21. Rbc1 {[%emt 0:01:30]} Bf8 {[%emt 0:02:37]} 22. Bf1 {[%emt 0:01:52]} Qb6 {[%emt 0:00:53]} 23. Rb1 {[%emt 0:01:01]} Ne4 {[%emt 0:04:09]} 24. Nxe4 {[%emt 0:02:55]} dxe4 {[%emt 0:00:57]} 25. Ne1 {[%emt 0:01:34]} Nb8 {[%emt 0:06:10]} 26. Qb2 {[%emt 0:01:29]} Nc6 {[%emt 0:00:47]} 27. Nc2 {[%emt 0:00:55]} Rxd1 {[%emt 0:01:53]} 28. Rxd1 {[%emt 0:00:23]} Rb8 {[%emt 0:00:05]} 29. Rb1 {[%emt 0:00:15]} Bb7 {[%emt 0:03:29]} 30. Be2 {[%emt 0:07:41]} Bc8 {[%emt 0:00:34]} 31. a4 {[%emt 0:03:11]} Bb7 {[%emt 0:05:49]} 32. Na3 {[%emt 0:00:55]} Rd8 {[%emt 0:00:27]} 33. Rd1 {[%emt 0:02:32]} Rxd1+ {[%emt 0:00:29]} 34. Bxd1 {[%emt 0:00:09]} Qd8 {[%emt 0:00:23]} 1/2-1/2

[Event "CZE Extraliga 2019-20"]
[Site "Czech Republic"]
[Date "2019.12.01"]
[Round "4.1"]
[White "Kociscak, Jiri"]
[Black "Markos, Jan"]
[Result "0-1"]
[WhiteElo "2499"]
[BlackElo "2572"]
[Annotator "ChessBase"]
[PlyCount "86"]
[EventDate "2019.09.15"]
[EventType "team-tourn"]
[EventCountry "CZE"]
[SourceTitle "playchess.com"]
[Source "ChessBase"]
[SourceQuality "1"]
[WhiteTeam "Ostrava"]
[BlackTeam "Kromeriz "]
[TimeControl "40/5400+30:1800+30"]

1. d4 {[%emt 0:01:31]} Nf6 {[%emt 0:00:04]} 2. c4 {[%emt 0:00:07]} e6 {[%emt 0:00:05]} 3. Nc3 {[%emt 0:03:42]} Bb4 {[%emt 0:00:08]} 4. Qc2 {[%emt 0:00:15]} O-O {[%emt 0:00:07]} 5. a3 {[%emt 0:00:05]} Bxc3+ {[%emt 0:00:06]} 6. Qxc3 {[%emt 0:00:04]} b6 {[%emt 0:00:07]} 7. Bg5 {[%emt 0:00:07]} Bb7 {[%emt 0:00:05]} 8. f3 {[%emt 0:00:09]} d6 {[%emt 0:00:06]} 9. e3 {[%emt 0:04:58]} Nbd7 {[%emt 0:00:20]} 10. Bd3 {[%emt 0:02:40]} c5 {[%emt 0:00:44]} 11. Ne2 {[%emt 0:01:57]} Rc8 {[%emt 0:00:30]} 12. O-O {[%emt 0:01:18]} h6 {[%emt 0:02:07]} 13. Bh4 {[%emt 0:00:06]} cxd4 {[%emt 0:01:30]} 14. exd4 {[%emt 0:02:36]} b5 {[%emt 0:14:15]} 15. b3 {[%emt 0:11:31]} Ba6 {[%emt 0:02:48]} 16. Qb4 {[%emt 0:01:17]} bxc4 {[%emt 0:00:10]} 17. Bxc4 {[%emt 0:00:05]} Bxc4 {[%emt 0:00:29]} 18. bxc4 {[%emt 0:00:04]} Rc6 {[%emt 0:28:35]} 19. Rfc1 {[%emt 0:07:57]} Qc7 {[%emt 0:03:13]} 20. Bg3 {[%emt 0:06:16]} Rb8 {[%emt 0:10:08]} 21. Qc3 {[%emt 0:01:13]} Rc8 {[%emt 0:07:10]} 22. c5 {[%emt 0:12:00]} Qd8 {[%emt 0:03:54]} 23. Bf2 {[%emt 0:00:49]} Nd5 {[%emt 0:03:51]} 24. Qd2 {[%emt 0:19:11]} dxc5 {[%emt 0:00:53]} 25. dxc5 {[%emt 0:00:04]} Nxc5 {[%emt 0:00:37]} 26. Rab1 {[%emt 0:01:01]} a6 {[%emt 0:09:34]} 27. Nd4 {[%emt 0:04:43]} R6c7 {[%emt 0:00:50]} 28. Bg3 {[%emt 0:01:16]} Rb7 {[%emt 0:03:11]} 29. Rxb7 {[%emt 0:03:08]} Nxb7 {[%emt 0:00:04]} 30. Nc6 {[%emt 0:00:19]} Qg5 {[%emt 0:02:28]} 31. f4 {[%emt 0:05:20]} Qf6 {[%emt 0:00:10]} 32. Bf2 {[%emt 0:03:21]} Nd6 {[%emt 0:01:20]} 33. Bd4 {[%emt 0:00:10]} Ne4 {[%emt 0:02:19]} 34. Qd3 {[%emt 0:02:11]} Qxf4 {[%emt 0:00:32]} 35. Rf1 {[%emt 0:03:45]} Qd2 {[%emt 0:00:58]} 36. Qxe4 {[%emt 0:01:12]} Rxc6 {[%emt 0:00:04]} 37. Qg4 {[%emt 0:00:04]} Qg5 {[%emt 0:00:15]} 38. Qf3 {[%emt 0:00:29]} Rc7 {[%emt 0:01:48]} 39. Qd3 {[%emt 0:00:39]} Nf4 {[%emt 0:01:27]} 40. Qe4 {[%emt 0:00:06]} Rc1 {[%emt 0:02:12]} 41. Rxc1 {[%emt 0:31:04]} Nh3+ {[%emt 0:01:04]} 42. Kf1 {[%emt 0:00:00]} Qxc1+ {[%emt 0:00:05]} 43. Ke2 {[%emt 0:00:00]} Nf4+ {[%emt 0:00:44]} 0-1

[Event "CZE Extraliga 2019-20"]
[Site "Czech Republic"]
[Date "2019.12.02"]
[Round "4.2"]
[White "Laznicka, Viktor"]
[Black "Balogh, Csaba"]
[Result "1/2-1/2"]
[WhiteElo "2667"]
[BlackElo "2591"]
[Annotator "ChessBase"]
[PlyCount "37"]
[EventDate "2019.09.15"]
[EventType "team-tourn"]
[EventCountry "CZE"]
[SourceTitle "playchess.com"]
[Source "ChessBase"]
[SourceQuality "1"]
[WhiteTeam "Novoborsky"]
[BlackTeam "Brno"]
[WhiteTeamCountry "CZE"]
[BlackTeamCountry "HUN"]
[TimeControl "40/5400+30:1800+30"]

1. c4 {[%emt 0:00:00]} e5 {[%emt 0:00:03]} 2. Nc3 {[%emt 0:00:00]} Nf6 {[%emt 0:00:28]} 3. g3 {[%emt 0:00:00]} Bb4 {[%emt 0:01:52]} 4. e4 {[%emt 0:00:32]} Bxc3 {[%emt 0:03:22]} 5. dxc3 {[%emt 0:00:08]} d6 {[%emt 0:00:18]} 6. Qc2 {[%emt 0:00:51]} a5 {[%emt 0:02:08]} 7. a4 {[%emt 0:01:34]} Na6 {[%emt 0:01:57]} 8. Be3 {[%emt 0:07:27]} O-O {[%emt 0:02:44]} 9. h3 {[%emt 0:01:54]} Ne8 {[%emt 0:13:39]} 10. g4 {[%emt 0:01:02]} Nc5 {[%emt 0:05:41]} 11. Nf3 {[%emt 0:06:20]} b6 {[%emt 0:01:14]} 12. Nd2 {[%emt 0:02:09]} Bb7 {[%emt 0:01:14]} 13. f3 {[%emt 0:00:35]} Nf6 {[%emt 0:02:45]} 14. h4 {[%emt 0:02:08]} Ne6 {[%emt 0:06:05]} 15. Nb3 {[%emt 0:06:15]} Nd7 {[%emt 0:08:39]} 16. Rd1 {[%emt 0:06:53]} Ndc5 {[%emt 0:01:10]} 17. Nc1 {[%emt 0:03:44]} Qf6 {[%emt 0:04:43]} 18. Rh3 {[%emt 0:04:19]} Nf4 {[%emt 0:01:22]} 19. Rh2 {[%emt 0:02:09]} 1/2-1/2

[Event "CZE Extraliga 2019-20"]
[Site "Czech Republic"]
[Date "2019.12.01"]
[Round "4.2"]
[White "Azarov, Sergei"]
[Black "Nasuta, Grzegorz"]
[Result "1/2-1/2"]
[WhiteElo "2586"]
[BlackElo "2540"]
[Annotator "ChessBase"]
[PlyCount "44"]
[EventDate "2019.09.15"]
[EventType "team-tourn"]
[EventCountry "CZE"]
[SourceTitle "playchess.com"]
[Source "ChessBase"]
[SourceQuality "1"]
[WhiteTeam " Frydek-Mistek"]
[BlackTeam "Poruba"]
[TimeControl "40/5400+30:1800+30"]

1. e4 {[%emt 0:00:00]} e6 {[%emt 0:00:00]} 2. d4 {[%emt 0:00:02]} d5 {[%emt 0:00:00]} 3. Nd2 {[%emt 0:00:28]} c5 {[%emt 0:00:00]} 4. Ngf3 {[%emt 0:01:23]} cxd4 {[%emt 0:00:21]} 5. Nxd4 {[%emt 0:00:32]} Nf6 {[%emt 0:00:09]} 6. exd5 Qxd5 {[%emt 0:00:23]} 7. Nb5 {[%emt 0:03:50]} Na6 {[%emt 0:00:59]} 8. Nc3 {[%emt 0:01:45]} Qd6 {[%emt 0:00:15]} 9. Qe2 {[%emt 0:10:56]} Be7 {[%emt 0:01:10]} 10. g3 {[%emt 0:06:05]} Nb4 {[%emt 0:13:55]} 11. Nf3 {[%emt 0:07:15]} O-O {[%emt 0:40:20]} 12. a3 {[%emt 0:01:22]} Nbd5 {[%emt 0:00:26]} 13. Nxd5 {[%emt 0:06:10]} exd5 {[%emt 0:11:04]} 14. Bg2 {[%emt 0:01:35]} Re8 {[%emt 0:00:07]} 15. O-O {[%emt 0:00:58]} Bf5 {[%emt 0:00:05]} 16. Be3 {[%emt 0:07:33]} Qd7 {[%emt 0:06:26]} 17. Bd4 {[%emt 0:11:43]} Qc7 {[%emt 0:06:03]} 18. Nh4 {[%emt 0:20:11]} Bc5 {[%emt 0:11:25]} 19. Qb5 {[%emt 0:01:53]} Bxd4 {[%emt 0:00:01]} 20. Nxf5 {[%emt 0:00:08]} Bb6 {[%emt 0:00:09]} 21. c3 {[%emt 0:02:00]} Qe5 {[%emt 0:00:54]} 22. Nd4 {[%emt 0:01:23]} Bxd4 {[%emt 0:02:01]} 1/2-1/2

[Event "CZE Extraliga 2019-20"]
[Site "Czech Republic"]
[Date "2019.12.01"]
[Round "4.2"]
[White "LYS5 Plat Vojtech GM"]
[Black "DUR5 Ponizil Cyril IM"]
[Result "1/2-1/2"]
[WhiteElo "2576"]
[BlackElo "2504"]
[Annotator "RC"]
[PlyCount "23"]
[EventDate "2019.09.15"]
[EventType "team-tourn"]
[EventCountry "CZE"]
[SourceTitle "playchess.com"]
[Source "ChessBase"]
[SourceQuality "1"]
[TimeControl "40/5400+30:1800+30"]

1. d4 {[%emt 0:00:00]} Nf6 {[%emt 0:00:00]} 2. Nf3 {[%emt 0:00:00]} e6 {[%emt 0:00:00]} 3. Bf4 {[%emt 0:00:00]} d5 {[%emt 0:00:00]} 4. e3 {[%emt 0:00:48]} Bd6 {[%emt 0:00:00]} 5. Bg3 {[%emt 0:01:28]} O-O {[%emt 0:00:00]} 6. Bd3 {[%emt 0:00:03]} b6 {[%emt 0:00:17]} 7. Nbd2 {[%emt 0:00:22]} c5 {[%emt 0:02:27]} 8. c3 {[%emt 0:00:04]} Ba6 {[%emt 0:01:22]} 9. Bxa6 {[%emt 0:00:44]} Nxa6 {[%emt 0:00:04]} 10. Bh4 {[%emt 0:00:16]} Nb8 {[%emt 0:02:01]} 11. O-O {[%emt 0:08:03]} Nbd7 {[%emt 0:00:43]} 12. Rc1 {[%emt 0:02:02]} 1/2-1/2

[Event "CZE Extraliga 2019-20"]
[Site "Czech Republic"]
[Date "2019.12.01"]
[Round "4.2"]
[White "Plat, Vojtech"]
[Black "Ponizil, Cyril"]
[Result "1/2-1/2"]
[WhiteElo "2576"]
[BlackElo "2504"]
[Annotator "TA"]
[PlyCount "23"]
[EventDate "2019.09.15"]
[EventType "team-tourn"]
[EventCountry "CZE"]
[SourceTitle "playchess.com"]
[Source "ChessBase"]
[SourceQuality "1"]
[WhiteTeam "Lysa nad Labem "]
[BlackTeam "Duras"]

{[%evp 12,23,-2,-8,-8,-3,14,11,11,10,4,9,18,-12]} 1. d4 Nf6 2. Nf3 e6 3. Bf4 d5 4. e3 Bd6 5. Bg3 O-O 6. Bd3 b6 7. Nbd2 {The position is equal.} c5 {D02: 1 d4 d5 2 Nf3 sidelines, including 2...Nf6 3 g3 and 2...Nf6 3 Bf4} 8. c3 Ba6 9. Bxa6 Nxa6 10. Bh4 (10. O-O Bxg3 11. hxg3 Qc7 12. Qe2 Nb8 13. e4 dxe4 14. Nxe4 Nbd7 {1-0 (55) Duda,J (2738)-Giri,A (2783) St Petersburg 2018}) 10... Nb8 11. O-O Nbd7 12. Rc1 $146 ({Predecessor:} 12. e4 cxd4 13. Nxd4 Qb8 14. exd5 Nxd5 {1-0 (73) Demidov,M (2520)-Bocharov,I (2563) St Petersburg 2018}) 1/2-1/2

[Event "CZE Extraliga 2019-20"]
[Site "Czech Republic"]
[Date "2019.12.01"]
[Round "4.2"]
[White "Gazik, Viktor"]
[Black "Jakubiec, Artur"]
[Result "1-0"]
[WhiteElo "2537"]
[BlackElo "2472"]
[Annotator "ChessBase"]
[PlyCount "79"]
[EventDate "2019.09.15"]
[EventType "team-tourn"]
[EventCountry "CZE"]
[SourceTitle "playchess.com"]
[Source "ChessBase"]
[SourceQuality "1"]
[WhiteTeam "Kromeriz"]
[BlackTeam " Ostrava"]
[TimeControl "40/5400+30:1800+30"]

1. d4 {[%emt 0:00:00]} f5 {[%emt 0:00:38]} 2. c4 {[%emt 0:00:46]} Nf6 {[%emt 0:00:06]} 3. Nc3 {[%emt 0:00:05]} d6 {[%emt 0:00:04]} 4. Nf3 {[%emt 0:05:49]} g6 {[%emt 0:00:27]} 5. g3 {[%emt 0:00:04]} Bg7 {[%emt 0:00:08]} 6. Bg2 {[%emt 0:00:05]} O-O {[%emt 0:00:08]} 7. O-O {[%emt 0:00:04]} Qe8 {[%emt 0:04:35]} 8. d5 {[%emt 0:10:07]} a5 {[%emt 0:00:35]} 9. Nd4 {[%emt 0:07:46]} Na6 {[%emt 0:00:09]} 10. b3 {[%emt 0:10:19]} Bd7 {[%emt 0:02:24]} 11. Qd2 {[%emt 0:03:59]} c5 {[%emt 0:14:28]} 12. Ndb5 {[%emt 0:05:11]} h6 {[%emt 0:08:55]} 13. Bb2 {[%emt 0:04:06]} g5 {[%emt 0:00:16]} 14. f4 {[%emt 0:01:28]} gxf4 {[%emt 0:05:31]} 15. gxf4 {[%emt 0:11:28]} Kh8 {[%emt 0:01:41]} 16. Kh1 {[%emt 0:05:33]} Rg8 {[%emt 0:04:42]} 17. Bf3 {[%emt 0:01:13]} Ng4 {[%emt 0:08:28]} 18. Bxg4 {[%emt 0:16:57]} fxg4 {[%emt 0:00:17]} 19. Ne4 {[%emt 0:00:26]} Qg6 {[%emt 0:12:15]} 20. Ng3 {[%emt 0:02:27]} Bxb5 {[%emt 0:03:10]} 21. cxb5 {[%emt 0:00:08]} Nc7 {[%emt 0:00:13]} 22. a4 {[%emt 0:05:50]} Bxb2 {[%emt 0:08:50]} 23. Qxb2+ {[%emt 0:00:02]} Kh7 {[%emt 0:00:08]} 24. e4 {[%emt 0:00:43]} Raf8 {[%emt 0:00:12]} 25. Rae1 {[%emt 0:02:20]} Rg7 {[%emt 0:01:16]} 26. f5 {[%emt 0:03:35]} Qg5 {[%emt 0:03:18]} 27. Ne2 {[%emt 0:00:05]} Rf6 {[%emt 0:05:14]} 28. Nf4 {[%emt 0:00:47]} Rg8 {[%emt 0:07:36]} 29. Re2 {[%emt 0:02:26]} Na8 {[%emt 0:00:44]} 30. Qc3 {[%emt 0:00:27]} Nb6 {[%emt 0:00:55]} 31. Qxa5 {[%emt 0:00:08]} Nd7 {[%emt 0:00:06]} 32. Ne6 {[%emt 0:00:46]} Qh5 {[%emt 0:03:35]} 33. Qc7 {[%emt 0:00:01]} Ne5 {[%emt 0:02:15]} 34. Qxe7+ {[%emt 0:00:11]} Rf7 {[%emt 0:00:04]} 35. Qxd6 {[%emt 0:00:08]} g3 {[%emt 0:01:08]} 36. Nf4 {[%emt 0:01:00]} Qxe2 {[%emt 0:01:53]} 37. Nxe2 {[%emt 0:00:01]} g2+ {[%emt 0:00:01]} 38. Kg1 {[%emt 0:00:09]} gxf1=Q+ {[%emt 0:00:10]} 39. Kxf1 {[%emt 0:00:02]} Nd3 {[%emt 0:00:50]} 40. Nf4 {[%emt 0:02:05]} 1-0

[Event "CZE Extraliga 2019-20"]
[Site "Czech Republic"]
[Date "2019.12.01"]
[Round "4.2"]
[White "Cernousek, Lukas"]
[Black "Hracek, Zbynek"]
[Result "1/2-1/2"]
[WhiteElo "2458"]
[BlackElo "2572"]
[Annotator "ChessBase"]
[PlyCount "45"]
[EventDate "2019.09.15"]
[EventType "team-tourn"]
[EventCountry "CZE"]
[SourceTitle "playchess.com"]
[Source "ChessBase"]
[SourceQuality "1"]
[WhiteTeam "Siesta Solution Unichess "]
[BlackTeam "Pardubice "]
[TimeControl "40/5400+30:1800+30"]

1. d4 {[%emt 0:00:00]} Nf6 {[%emt 0:00:00]} 2. c4 {[%emt 0:00:00]} e6 {[%emt 0:00:00]} 3. Nc3 {[%emt 0:00:00]} Bb4 {[%emt 0:00:00]} 4. Qc2 {[%emt 0:00:00]} d5 {[%emt 0:04:37]} 5. cxd5 {[%emt 0:00:00]} exd5 {[%emt 0:00:16]} 6. Bg5 {[%emt 0:00:01]} h6 {[%emt 0:04:54]} 7. Bh4 {[%emt 0:00:06]} c5 {[%emt 0:03:32]} 8. dxc5 {[%emt 0:00:07]} Be6 {[%emt 0:00:46]} 9. e3 {[%emt 0:02:06]} Nbd7 {[%emt 0:00:15]} 10. a3 {[%emt 0:08:31]} Bxc5 {[%emt 0:04:08]} 11. Bd3 {[%emt 0:00:38]} Rc8 {[%emt 0:04:47]} 12. Nge2 {[%emt 0:00:26]} O-O {[%emt 0:03:05]} 13. O-O {[%emt 0:00:33]} Be7 {[%emt 0:16:12]} 14. Nd4 {[%emt 0:00:30]} Nc5 {[%emt 0:08:42]} 15. Nf5 {[%emt 0:07:17]} Nxd3 {[%emt 0:01:44]} 16. Qxd3 {[%emt 0:27:44]} Bxf5 {[%emt 0:01:20]} 17. Qxf5 {[%emt 0:01:10]} Qd6 {[%emt 0:00:03]} 18. Rfd1 {[%emt 0:09:46]} Qe6 {[%emt 0:00:48]} 19. Qf3 {[%emt 0:00:09]} Rfd8 {[%emt 0:05:36]} 20. Rd4 {[%emt 0:03:13]} g5 {[%emt 0:06:11]} 21. Bg3 {[%emt 0:00:13]} Bc5 {[%emt 0:00:27]} 22. Rd3 {[%emt 0:08:25]} Ne4 {[%emt 0:06:22]} 23. Rad1 {[%emt 0:14:28]} 1/2-1/2